000 03141cam a2201225 4500
003 PE-LiUPU
005 20250813185610.0
020 _a8485840852
035 _a(Sirsi) i9788485840854
035 _a(Sirsi) 46697
035 _a(Sirsi) 46697
041 _aes
044 _aes
082 0 4 _a370.158
_bP45
100 1 _aPérez, Isabel Paula
245 _aHabilidades sociales: educar hacia la autorregulació :
_bconceptualización, evaluación e intervención /
_cIsabel Paula Pérez.
264 1 _aBarcelona :
_bHorsori,
_c2000
300 _a198 páginas :
_bilustraciones ;
_c21 cm.
490 0 _aCuadernos de educación
_v32
504 _aIncluye bibliografía
505 0 _aEn busca de una formalización conceptual y explicativa de las habilidades sociales -- Paseo histórico por el estudios de las habilidades sociales -- "Cada cosa en su sitio ...": Clarificando conceptos -- Pilares en que se sustentan las habilid
526 _aP202
526 _aP201
526 _aP163
526 _aP162
526 _aP161
526 _aP160
526 _aP148
526 _aP147
526 _aP146
526 _aP145
526 _aP144
526 _aP143
526 _aP142
526 _aP141
526 _aP140
526 _aP139
526 _aP138
526 _aP137
526 _aP136
526 _aP135
526 _aP134
526 _aP133
526 _aP129
526 _aP128
526 _aP127
526 _aP120
526 _aP119
526 _aP118
526 _aP116
526 _aP115
526 _aP114
526 _aP110
526 _aP109
526 _aP108
526 _aP104
526 _aP103
526 _aP102
526 _aP99
526 _aP98
526 _aP97
526 _aP96
526 _aP95
526 _aP93
526 _aP90
526 _aP89
526 _aP88
526 _aP83
526 _aP82
526 _aP62
526 _aP59
526 _aP58
526 _aP57
526 _aP51
526 _aP49
526 _aP48
526 _aP47
526 _aP29
526 _aP24
526 _aP20
526 _aP19
526 _aP17
526 _aP15
526 _aP14
526 _aP12
526 _aP10
526 _aP09
526 _aP08
526 _aP07
526 _aP06
526 _aP05
526 _aP04
526 _aP01
650 1 4 _aNiños
_xHabilidades sociales
650 1 4 _aInteracción social en niños
650 1 4 _aSocialización en niños
942 _2ddc
_cBOOK
949 _a370.158 P45
_i64307
_lCCODEBUL1
_mBUL
_tLIBRO
_o.STAFF. Colección General
859 _q64307
_h370.158
_iP45
910 _agl
_bjv
_clch
_d20120301
596 _a1
999 _aPGE 370.158 P45
_wDEWEY
_c53095
_i64307
_d53095
_e2017-9-12
_f2021-11-8
_g5
_lCCODEBUL1
_mBUL
_n9
_p33.00
_r0
_sY
_tBOOK
_u2015-7-6
_xEDUCACION
_PP57
_0COMPRA
_o.CIRCNOTE. No olvidar cambiar la fecha de devolución!!!!!!!
_o.STAFF. Colección General
980 _81
_gALBERTO SANCHEZ Responsable de Automatización